| 000 -ლიდერი |
| ფიქსირებული სიგრძის საკონტროლო ველი |
01495nam a2200241Ia 4500 |
| 001 - საკონტროლო ნომერი |
| საკონტროლო ველი |
4143 |
| 003 - საკონტროლო ნომრის იდენტიფიკატორი |
| საკონტროლო ველი |
GE_BSU |
| 005 - ბოლო ოპერაციის თარიღი და დრო |
| საკონტროლო ველი |
20190918120252.0 |
| 008 - ფიქსირებული სიგრძის მონაცემთა ელემენტები - ზოგადი ინფორმაცია |
| ფიქსირებული სიგრძის საკონტროლო ველი |
181216s1993||||ge |||||||||||||| ||geo|| |
| 040 ## - კატალოგიზაციის წყარო |
| Transcribing agency |
GE_BSU |
| 041 ## - ენის კოდი |
| Language code of text/sound track or separate title |
geo |
| 080 ## - უნივერსალური ათობითი კლასიფიკაციის ინდექსი |
| Universal Decimal Classification number |
398(479.22) გ-48 |
| 100 ## - მთავარი ჩანაწერი - პიროვნების სახელი |
| Personal name |
გიორგაძე, მ. |
| 9 (RLIN) |
4082 |
| 245 ## - ცნობა სათაურის შესახებ |
| Title |
ქართული ხალხური კალენდარული საწესჩვეულებო პოეზია / |
| Statement of responsibility, etc |
საქ. მეცნ. აკად., ბათუმის ნ. ბერძენიშვილის სახ. სამეც.-კვლევ. ინ-ტი ; რედ.: ზ. თანდილავა. |
| 264 ## - წარმოების, გამოცემის, დისტრიბუციის და სხვა ცნობები |
| გამოცემის, წარმოების, დისტრიბუციის... ადგილი |
თბ. : |
| გამოცემის, წარმოების, დისტრიბუციის... სახელწოდება |
მეცნიერება, |
| გამოცემის, წარმოების, დისტრიბუციის... თარიღი |
1993. |
| 300 ## - ფიზიკური აღწერა |
| Extent |
148 გვ. ; |
| Other physical details |
21 სმ. |
| 490 ## - სერიის ცნობა |
| Series statement |
სამხრეთ-დასავლეთ საქართველოს ზეპირსიტყვიერება ; |
| Volume number/sequential designation |
XI |
| 504 ## - BIBLIOGRAPHY, ETC. NOTE |
| Bibliography, etc |
ბიბლიოგრ.: გვ. 134. |
| 520 ## - SUMMARY, ETC. |
| Summary, etc |
ნაშრომი წარმოადგენს ქართული ხალხური კალენდარული საწესჩვეულებო პოეზიის მონოგრაფიული შესწავლის პირველ ცდას |
| 653 ## - INDEX TERM--UNCONTROLLED |
| Uncontrolled term |
ქართული ხალხური პოეზია |
| 700 ## - ADDED ENTRY--PERSONAL NAME |
| Personal name |
თანდილავა, ზ. |
| Relator term |
რედაქტორი |
| 9 (RLIN) |
4083 |
| 942 ## - ADDED ENTRY ELEMENTS (KOHA) |
| Koha item type |
წიგნი |
| Source of classification or shelving scheme |
|